| 000 | 00594nam a2200205 a 4500 | ||
|---|---|---|---|
| 005 | 20240925064104.0 | ||
| 008 | 991125s1981 mx 000 0 spa u | ||
| 020 | _a9681301560 | ||
| 035 | _aUPN01000005230 | ||
| 049 | _aCG | ||
| 050 | 4 |
_aLB1117 _bL3.28 |
|
| 100 | 1 | _aLehane, Stephen | |
| 245 | 1 | 0 |
_aAyude a su bebé a aprender / _cStephen Lehane ; tr. Mercedes P. de Parlange. |
| 260 |
_aMéxico : _bDiana, _c1981. |
||
| 300 |
_a240 p. : _bil. |
||
| 534 |
_pTítulo original: _tHelp your baby learn |
||
| 650 | 4 |
_aNiño, Estudio del _9221 |
|
| 650 | 4 |
_aPsicopedagogía _95085 |
|
| 905 | _aLibro | ||
| 999 |
_c5230 _d5230 |
||